A very short, fairly interesting and reasonably cheap book about international business. (2nd ed.) (Record no. 61288)

MARC details
000 -LEADER
fixed length control field 00803nam a2200193 a 4500
008 - FIXED-LENGTH DATA ELEMENTS--GENERAL INFORMATION
fixed length control field 190206s2017 ||||||||||||||||| || u
020 ## - INTERNATIONAL STANDARD BOOK NUMBER
International Standard Book Number 9781473981010
050 ## - LIBRARY OF CONGRESS CALL NUMBER
Classification number HD 62.4 Cai
100 ## - MAIN ENTRY--PERSONAL NAME
Personal name Cairns, George
245 12 - TITLE STATEMENT
Title A very short, fairly interesting and reasonably cheap book about international business. (2nd ed.)
Statement of responsibility, etc. by George Cairns and Martyna Sliwa
260 ## - PUBLICATION, DISTRIBUTION, ETC.
Place of publication, distribution, etc. London:
Name of publisher, distributor, etc. SAGE Publications
Date of publication, distribution, etc. 2017
300 ## - PHYSICAL DESCRIPTION
Extent viii, 161p.: ill.
350 ## - PRICE (NR) (BK AM CF MU VM SE) [OBSOLETE]
Price 17.22
650 #0 - SUBJECT ADDED ENTRY--TOPICAL TERM
Topical term or geographic name entry element INTERNATIONAL BUSINESS ENTERPRISES
650 #0 - SUBJECT ADDED ENTRY--TOPICAL TERM
Topical term or geographic name entry element INTERNATIONAL ECONOMIC RELATIONS--HANDBOOKS, MANUALS, E.T.C
650 #0 - SUBJECT ADDED ENTRY--TOPICAL TERM
Topical term or geographic name entry element BUSINESS
700 ## - ADDED ENTRY--PERSONAL NAME
Personal name Sliwa, Martyna
995 ## - RECOMMENDATION 995 [LOCAL, UNIMARC FRANCE]
-- CBU-MAIN LIBRARY (Kitwe)
-- 17.22
-- 1
-- AVAILABLE
-- Feb 6, 2019
-- Main Library Open Access Collection
Holdings
Withdrawn status Lost status Source of classification or shelving scheme Damaged status Not for loan Home library Current library Shelving location Date acquired Total Checkouts Full call number Barcode Date last seen Price effective from Koha item type
          CBU-MAIN LIBRARY, KITWE. CBU-MAIN LIBRARY, KITWE.   11/30/2022   HD 62.4 Cai 748868 11/30/2022 11/30/2022 MONOGRAPH